Apuntes sobre algunas posibilidades de autodeterminación reproductiva en América Latina

Պահպանված է:
Մատենագիտական մանրամասներ
Հիմնական հեղինակ: Figueroa perea, Juan Guillermo
Ձևաչափ: Տեքստ
Հրապարակվել է: s.l.: s.e.
Ցուցիչներ: Ավելացրեք ցուցիչ
Չկան պիտակներ, Եղեք առաջինը, ով նշում է այս գրառումը!

MARC

LEADER 00000 a a2200000 04500
001 23140
003
040
090 |a 159800  
100 |a Figueroa perea, Juan Guillermo  
245 |a Apuntes sobre algunas posibilidades de autodeterminación reproductiva en América Latina  
260 |a s.l.:   |b s.e.  
300 |a 34 p.  
999 |c 1155  |d 1155